[Event "20th EUR-ch"]
[Site "Skopje MKD"]
[Date "2019.03.24"]
[Round "6"]
[White "Pantsulaia, Levan"]
[Black "Studer, Noel"]
[Result "1-0"]
[WhiteElo "2611"]
[BlackElo "2479"]
[EventDate "2019.03.18"]
[Board "33"]
[PlyCount "99"]

1.c4 e6 2.Nf3 d5 3.b3 c5 4.e3 d4 5.exd4 cxd4 6.g3 Nc6 7.Bg2 Nf6 8.O-O Bd6 
9.d3 O-O 10.Na3 Re8 11.Nc2 e5 12.Re1 h6 13.b4 Bg4 14.b5 Nb4 15.h3 Nxc2 16.
Qxc2 Bxf3 17.Bxf3 Qc7 18.Bd2 e4 19.dxe4 Bxg3 20.fxg3 Qxg3+ 21.Bg2 d3 22.
Qd1 Nxe4 23.Qf3 Qxf3 24.Bxf3 Nxd2 25.Bxb7 Nxc4 26.Bxa8 Rxa8 27.Re4 Rc8 28.
Rd1 d2 29.Kf2 Kf8 30.Ke2 Rc5 31.a4 g5 32.Rb1 f5 33.Rd4 Ke8 34.Rb4 Re5+ 35.
Kf2 Rc5 36.Rb3 Ke7 37.Rbd3 Ke6 38.Rd7 Nb2 39.R3d6+ Ke5 40.Rxd2 Nxa4 41.
Re2+ Kf6 42.Rd6+ Kf7 43.Ra2 Rc4 44.Rxh6 Rb4 45.Rc2 Rxb5 46.Rc7+ Kg8 47.
Rg6+ Kf8 48.Rd6 Ke8 49.Rh6 Rb2+ 50.Ke1 1-0

[Event "20th EUR-ch"]
[Site "Skopje MKD"]
[Date "2019.03.24"]
[Round "6"]
[White "Bindrich, Falko"]
[Black "Pavlov, Sergey"]
[Result "1-0"]
[WhiteElo "2610"]
[BlackElo "2471"]
[EventDate "2019.03.18"]
[Board "34"]
[PlyCount "63"]

1.d4 Nf6 2.Nf3 e6 3.c4 d5 4.Nc3 dxc4 5.e4 Bb4 6.Bxc4 Nxe4 7.O-O Nf6 8.Qa4+
Nc6 9.Ne5 Rb8 10.d5 exd5 11.Nxd5 Nxd5 12.Nxc6 bxc6 13.Qxc6+ Qd7 14.Qxd5 
O-O 15.Qxd7 Bxd7 16.Rd1 Bd6 17.b3 a5 18.Bf4 Bxf4 19.Rxd7 Bd6 20.Rd1 g6 21.
g3 Kg7 22.Rd5 Ra8 23.a4 Kh8 24.h4 f5 25.h5 gxh5 26.Bd3 h4 27.Bxf5 hxg3 28.
Rxh7+ Kg8 29.Bd3 Rf3 30.Rg5+ Kf8 31.Bc4 Ke8 32.Bd5 1-0

[Event "20th EUR-ch"]
[Site "Skopje MKD"]
[Date "2019.03.24"]
[Round "6"]
[White "Svane, Rasmus"]
[Black "Gavrilescu, David"]
[Result "1-0"]
[WhiteElo "2610"]
[BlackElo "2467"]
[EventDate "2019.03.18"]
[Board "35"]
[PlyCount "121"]

1.Nf3 d5 2.g3 Nf6 3.Bg2 c5 4.O-O g6 5.d4 cxd4 6.Nxd4 Bg7 7.Nb3 O-O 8.Nc3 
e6 9.e4 Nxe4 10.Nxe4 dxe4 11.Qxd8 Rxd8 12.Bxe4 Nc6 13.c3 e5 14.Bg2 Be6 15.
Nc5 Bd5 16.Nxb7 Bxg2 17.Nxd8 Bxf1 18.Nxc6 Bb5 19.Na5 Bd3 20.Be3 a6 21.Rd1 
e4 22.Nc6 a5 23.Bd4 Ra6 24.Nb8 Rd6 25.Bxg7 Kxg7 26.b3 Rb6 27.Nd7 Rc6 28.c4
f6 29.Rc1 e3 30.fxe3 Bf5 31.Rd1 Kf7 32.c5 Ke7 33.Nb6 Rxc5 34.Rd2 Rc1+ 35.
Kf2 Rh1 36.Kf3 Rf1+ 37.Kg2 Re1 38.Kf2 Rh1 39.Kf3 Rf1+ 40.Kg2 Re1 41.h4 
Be4+ 42.Kf2 Rh1 43.Rd4 Rh2+ 44.Ke1 Bc6 45.a4 Rb2 46.Rc4 Bf3 47.Rc3 Be4 48.
Nc4 Rb1+ 49.Kf2 Ke6 50.Nxa5 Kf5 51.Rc4 Bd5 52.Rf4+ Ke5 53.b4 Rb2+ 54.Kf1 
Ra2 55.b5 Be4 56.Nc4+ Kd5 57.Nb6+ Ke5 58.Nd7+ Kd6 59.Rxe4 Kxd7 60.Rc4 Kd6 
61.b6 1-0

[Event "20th EUR-ch"]
[Site "Skopje MKD"]
[Date "2019.03.24"]
[Round "6"]
[White "Enchev, Ivajlo"]
[Black "Deac, Bogdan-Daniel"]
[Result "1/2-1/2"]
[WhiteElo "2490"]
[BlackElo "2609"]
[EventDate "2019.03.18"]
[Board "36"]
[PlyCount "168"]

1.d4 Nf6 2.c4 e6 3.Nc3 Bb4 4.Qc2 d5 5.cxd5 exd5 6.Bg5 h6 7.Bxf6 Qxf6 8.a3 
Bxc3+ 9.Qxc3 O-O 10.e3 Bf5 11.Ne2 c6 12.Ng3 Bg6 13.Be2 Nd7 14.O-O Nb6 15.
a4 Qd6 16.a5 Nc8 17.a6 b6 18.Rfc1 Ne7 19.Bd3 Bxd3 20.Qxd3 Rac8 21.Rc3 c5 
22.dxc5 bxc5 23.Nf5 Nxf5 24.Qxf5 Rc6 25.g3 Rb6 26.Rd1 Rxb2 27.Rxd5 Qxa6 
28.Rdxc5 g6 29.Qf4 h5 30.Rc1 Ra2 31.Rc6 Qa4 32.Qf6 Rd2 33.R1c4 Qb3 34.Rc7 
Qd1+ 35.Kg2 Rd6 36.Qe7 a5 37.Rc8 Rdd8 38.R8c5 Rfe8 39.Qg5 a4 40.Rc6 Kg7 
41.Rf4 Rd6 42.Rc7 Rd7 43.Qf6+ Kg8 44.Qc6 Red8 45.Rxd7 Qxd7 46.Qxd7 Rxd7 
47.Rxa4 Rd2 48.h3 Kg7 49.g4 hxg4 50.hxg4 g5 51.Kf3 Rb2 52.Ra5 Kg6 53.Kg3 
Rb3 54.Ra6+ f6 55.Ra2 Rc3 56.Rd2 Ra3 57.Rd5 Rb3 58.Kf3 Rb2 59.Rd1 Ra2 60.
Kg3 Ra3 61.Re1 Rb3 62.Re2 Ra3 63.f3 Rb3 64.Kf2 Rb4 65.Ra2 Rb3 66.f4 gxf4 
67.exf4 Rc3 68.Ra6 Kg7 69.Re6 Ra3 70.Re3 Ra1 71.Re7+ Kg6 72.Re6 Kf7 73.f5 
Kg7 74.Kg3 Rg1+ 75.Kf3 Rf1+ 76.Kg2 Ra1 77.Kf3 Rf1+ 78.Ke4 Rg1 79.Re7+ Kf8 
80.Rd7 Rxg4+ 81.Kd5 Ke8 82.Ra7 Rb4 83.Ra6 Ke7 84.Ra7+ Ke8 1/2-1/2

[Event "20th EUR-ch"]
[Site "Skopje MKD"]
[Date "2019.03.24"]
[Round "6"]
[White "Zhigalko, Sergei"]
[Black "Arnaudov, Petar Georgiev"]
[Result "1-0"]
[WhiteElo "2604"]
[BlackElo "2462"]
[EventDate "2019.03.18"]
[Board "37"]
[PlyCount "141"]

1.e4 c6 2.d4 d5 3.e5 c5 4.dxc5 e6 5.a3 Bxc5 6.Nf3 Ne7 7.Bd3 Ng6 8.O-O O-O 
9.Re1 a6 10.b4 Be7 11.Nbd2 a5 12.b5 Nd7 13.a4 Nc5 14.Nb3 Nxd3 15.cxd3 Bd7 
16.Bd2 f6 17.Bc3 fxe5 18.Nxe5 Nxe5 19.Bxe5 Bf6 20.Qd2 b6 21.Nd4 Rc8 22.Re2
Qe7 23.h3 Qc5 24.Qe3 Qc3 25.Ree1 Bxe5 26.Qxe5 Qb2 27.Nf3 Qb4 28.Qe3 Qd6 
29.Rac1 Rxc1 30.Rxc1 Rc8 31.Rxc8+ Bxc8 32.Qc1 Bd7 33.d4 Qb8 34.Ne5 Qc8 35.
Qxc8+ Bxc8 36.Kh2 Kf8 37.Kg3 Ke7 38.Kf4 Kd6 39.Nf7+ Ke7 40.Ne5 Kd6 41.h4 
Ke7 42.Kg5 Bd7 43.Nxd7 Kxd7 44.Kf4 Kd6 45.h5 g6 46.hxg6 hxg6 47.g4 g5+ 48.
Kxg5 e5 49.dxe5+ Kxe5 50.f4+ Ke4 51.f5 d4 52.f6 d3 53.f7 d2 54.f8=Q d1=Q 
55.Qf4+ Kd5 56.Kg6 Ke6 57.g5 Qg1 58.Qf5+ Ke7 59.Kg7 Ke8 60.Qe6+ Kd8 61.g6 
Kc7 62.Qc6+ Kb8 63.Kg8 Ka7 64.Qd7+ Ka8 65.Qe8+ Ka7 66.g7 Qg5 67.Kf8 Qh6 
68.Qe5 Ka8 69.Kf7 Qh7 70.Qg5 Ka7 71.Kf8 1-0

[Event "20th EUR-ch"]
[Site "Skopje MKD"]
[Date "2019.03.24"]
[Round "6"]
[White "Zajic, Milan"]
[Black "Antipov, Mikhail"]
[Result "1/2-1/2"]
[WhiteElo "2485"]
[BlackElo "2594"]
[EventDate "2019.03.18"]
[Board "38"]
[PlyCount "36"]

1.d4 Nf6 2.Nf3 c6 3.Bf4 Qb6 4.Qc1 d6 5.h3 c5 6.e3 cxd4 7.exd4 Nc6 8.c3 e5 
9.Be3 Nd5 10.Bc4 Nxe3 11.fxe3 Be7 12.O-O O-O 13.Kh1 Kh8 14.Bd5 Qc7 15.e4 
f5 16.dxe5 dxe5 17.exf5 Bxf5 18.Nbd2 Bc5 1/2-1/2

[Event "20th EUR-ch"]
[Site "Skopje MKD"]
[Date "2019.03.24"]
[Round "6"]
[White "Warmerdam, Max"]
[Black "Ter-Sahakian, Samvel"]
[Result "0-1"]
[WhiteElo "2448"]
[BlackElo "2590"]
[EventDate "2019.03.18"]
[Board "39"]
[PlyCount "64"]

1.e4 c5 2.Nf3 d6 3.d4 cxd4 4.Nxd4 Nf6 5.Nc3 a6 6.h3 e6 7.g4 Be7 8.g5 Nfd7 
9.Bg2 Nc6 10.h4 O-O 11.b3 Qb6 12.Nxc6 bxc6 13.Be3 Qa5 14.Bd2 Qc7 15.f4 d5 
16.e5 a5 17.Qg4 Nc5 18.h5 a4 19.b4 Nd7 20.g6 Bxb4 21.h6 fxg6 22.Qxe6+ Rf7 
23.Nxd5 Bxd2+ 24.Kxd2 cxd5 25.Bxd5 Nf8 26.Qxf7+ Qxf7 27.Bxf7+ Kxf7 28.hxg7
Kxg7 29.Rab1 h5 30.c4 Bf5 31.Rb7+ Kh6 32.Kc3 Be4 0-1

[Event "20th EUR-ch"]
[Site "Skopje MKD"]
[Date "2019.03.24"]
[Round "6"]
[White "Gaehwiler, Gabriel"]
[Black "Can, Emre"]
[Result "0-1"]
[WhiteElo "2414"]
[BlackElo "2586"]
[EventDate "2019.03.18"]
[Board "40"]
[PlyCount "72"]

1.d4 Nf6 2.c4 c5 3.d5 e6 4.Nc3 exd5 5.cxd5 d6 6.Nf3 g6 7.Bf4 Bg7 8.e3 O-O 
9.h3 Ne8 10.Nd2 Nd7 11.Be2 Ne5 12.O-O Bd7 13.a4 f5 14.Bh2 Rb8 15.f4 Nf7 
16.e4 a6 17.a5 Nc7 18.Qb3 Kh8 19.e5 dxe5 20.fxe5 Nxe5 21.Nc4 Re8 22.Qb6 
Nb5 23.Bxe5 Bxe5 24.Nxe5 Qxb6 25.axb6 Rxe5 26.Bf3 Nd6 27.Rfc1 Rc8 28.Nd1 
Kg7 29.b3 g5 30.Nb2 Bb5 31.Re1 Rce8 32.Rxe5 Rxe5 33.Rc1 Re3 34.Nc4 Bxc4 
35.bxc4 Rb3 36.Re1 Kf8 0-1

[Event "20th EUR-ch"]
[Site "Skopje MKD"]
[Date "2019.03.24"]
[Round "6"]
[White "Safarli, Eltaj"]
[Black "Kourkoulos-Arditis, Stamatis"]
[Result "1-0"]
[WhiteElo "2662"]
[BlackElo "2435"]
[EventDate "2019.03.18"]
[Board "41"]
[PlyCount "55"]

1.e4 e6 2.d4 d5 3.Nd2 Be7 4.e5 c5 5.c3 cxd4 6.cxd4 Qb6 7.Ngf3 Nc6 8.Bd3 
Nh6 9.O-O Nf5 10.Nb3 a5 11.a4 Bd7 12.Bxf5 exf5 13.Bg5 Bb4 14.Rc1 h6 15.Be3
Be7 16.Nc5 Be6 17.Ne1 O-O 18.Ned3 Bxc5 19.Rxc5 Rfc8 20.Qd2 Qd8 21.Rc3 Ne7 
22.Rb3 b6 23.Nf4 Kh7 24.Nh5 Ng8 25.Bf4 g5 26.Rg3 Ra7 27.Bxg5 hxg5 28.Nf6+ 
1-0

[Event "20th EUR-ch"]
[Site "Skopje MKD"]
[Date "2019.03.24"]
[Round "6"]
[White "Sivuk, Vitaly"]
[Black "Ragger, Markus"]
[Result "1/2-1/2"]
[WhiteElo "2514"]
[BlackElo "2696"]
[EventDate "2019.03.18"]
[Board "43"]
[PlyCount "38"]

1.c4 c5 2.Nf3 Nf6 3.d4 cxd4 4.Nxd4 b6 5.Nc3 Bb7 6.f3 e6 7.e4 Nc6 8.Be3 Bc5
9.Qd2 O-O 10.Rd1 Qe7 11.Nxc6 dxc6 12.e5 Bxe3 13.Qxe3 Nd7 14.Be2 Rad8 15.
O-O Nb8 16.f4 c5 17.Nb5 Nc6 18.Bf3 Ba8 19.Bxc6 Bxc6 1/2-1/2

[Event "20th EUR-ch"]
[Site "Skopje MKD"]
[Date "2019.03.24"]
[Round "6"]
[White "Keymer, Vincent"]
[Black "Eljanov, Pavel"]
[Result "1/2-1/2"]
[WhiteElo "2509"]
[BlackElo "2682"]
[EventDate "2019.03.18"]
[Board "44"]
[PlyCount "82"]

1.d4 Nf6 2.c4 e6 3.Nf3 Bb4+ 4.Bd2 a5 5.Nc3 d5 6.e3 O-O 7.a3 Bxc3 8.Bxc3 b6
9.cxd5 Qxd5 10.Be2 Bb7 11.O-O Ne4 12.Qc2 Nd7 13.Rfd1 Ba6 14.Bxa6 Rxa6 15.
Nd2 f5 16.Rac1 b5 17.f3 Nef6 18.b4 a4 19.Qd3 Rc6 20.e4 fxe4 21.fxe4 Qh5 
22.Nf3 Nb6 23.Ne5 Ng4 24.Nxg4 Qxg4 25.Rf1 Rxf1+ 26.Rxf1 h6 27.Rf3 Qg5 28.
Bd2 Qh5 29.h3 Nc4 30.Bf4 e5 31.dxe5 Qe8 32.Qd4 Kh7 33.Rd3 Re6 34.Qc5 c6 
35.Bg3 Nxe5 36.Bxe5 Rxe5 37.Qc2 Qg6 38.Rc3 Re6 39.Rc5 Kh8 40.e5 Qxc2 41.
Rxc2 Rxe5 1/2-1/2

[Event "20th EUR-ch"]
[Site "Skopje MKD"]
[Date "2019.03.24"]
[Round "6"]
[White "Arizmendi Martinez, Julen Luis"]
[Black "Parligras, Mircea-Emilian"]
[Result "1/2-1/2"]
[WhiteElo "2506"]
[BlackElo "2657"]
[EventDate "2019.03.18"]
[Board "45"]
[PlyCount "33"]

1.d4 Nf6 2.c4 e6 3.Nc3 Bb4 4.e3 O-O 5.Bd3 d5 6.a3 Bxc3+ 7.bxc3 c6 8.Ne2 b6
9.cxd5 cxd5 10.c4 Ba6 11.cxd5 Bxd3 12.Qxd3 Qxd5 13.f3 Nc6 14.e4 Qd6 15.O-O
Nd7 16.Rd1 e5 17.Bb2 1/2-1/2

[Event "20th EUR-ch"]
[Site "Skopje MKD"]
[Date "2019.03.24"]
[Round "6"]
[White "Goryachkina, Aleksandra"]
[Black "Moiseenko, Olexandr"]
[Result "0-1"]
[WhiteElo "2504"]
[BlackElo "2648"]
[EventDate "2019.03.18"]
[Board "46"]
[PlyCount "72"]

1.d4 Nf6 2.c4 e6 3.Nc3 Bb4 4.Qc2 d5 5.a3 Bxc3+ 6.Qxc3 c5 7.dxc5 d4 8.Qg3 
Nc6 9.Nf3 e5 10.b4 e4 11.Nd2 Be6 12.e3 Nh5 13.Qd6 Qh4 14.g3 Qf6 15.Nxe4 
Qf3 16.Ng5 Qxh1 17.Nxe6 fxe6 18.Qxe6+ Kf8 19.b5 Re8 20.Qd6+ Ne7 21.exd4 
Kf7 22.Be3 Nf6 23.O-O-O Nf5 24.Qf4 Nxe3 25.fxe3 Qxh2 26.Bd3 Qa2 27.g4 h6 
28.Rf1 Rhf8 29.g5 hxg5 30.Qxg5 Kg8 31.Rg1 Re7 32.Qg3 Rff7 33.c6 bxc6 34.
bxc6 Qxa3+ 35.Kd2 Qb4+ 36.Ke2 Nh5 0-1

[Event "20th EUR-ch"]
[Site "Skopje MKD"]
[Date "2019.03.24"]
[Round "6"]
[White "Kuzubov, Yuriy"]
[Black "Plenca, Jadranko"]
[Result "1-0"]
[WhiteElo "2644"]
[BlackElo "2487"]
[EventDate "2019.03.18"]
[Board "47"]
[PlyCount "57"]

1.c4 e6 2.Nf3 d5 3.g3 Nf6 4.Bg2 Be7 5.d4 O-O 6.O-O Nbd7 7.Qc2 c6 8.Nbd2 b6
9.e4 dxc4 10.Nxc4 Bb7 11.e5 Nd5 12.h4 h6 13.Qe4 b5 14.Ne3 c5 15.Qg4 Kh8 
16.dxc5 Nxc5 17.Rd1 Qe8 18.Nxd5 Bxd5 19.Be3 a5 20.Qh5 Be4 21.Nd4 Bxg2 22.
Kxg2 Rd8 23.Rac1 Rd5 24.Bxh6 gxh6 25.Qxh6+ Kg8 26.Nf5 exf5 27.Rxd5 Qa8 28.
Qd2 Rd8 29.Rxc5 1-0

[Event "20th EUR-ch"]
[Site "Skopje MKD"]
[Date "2019.03.24"]
[Round "6"]
[White "Onischuk, Volodymyr"]
[Black "Fakhrutdinov, Timur"]
[Result "1-0"]
[WhiteElo "2626"]
[BlackElo "2485"]
[EventDate "2019.03.18"]
[Board "48"]
[PlyCount "139"]

1.e4 e5 2.Nf3 Nc6 3.Bb5 Nf6 4.d3 Bc5 5.c3 d5 6.Nbd2 dxe4 7.dxe4 O-O 8.O-O 
Qe7 9.Qe2 a5 10.Ba4 Ne8 11.Nc4 f6 12.Be3 Be6 13.Rfd1 Kh8 14.Nfd2 Nd8 15.a3
c6 16.Nb6 Ra6 17.Ndc4 Bxe3 18.Qxe3 Nf7 19.Bb3 a4 20.Ba2 Nc7 21.Rd2 Na8 22.
Nxa8 Raxa8 23.Nb6 Rad8 24.Bxe6 Qxe6 25.Rad1 Qb3 26.Nd7 Rfe8 27.h3 Ng5 28.
Kh2 Ne6 29.Qf3 Ng5 30.Qf5 Qe6 31.Nc5 Rxd2 32.Rxd2 Qc4 33.h4 Qxc5 34.hxg5 
fxg5 35.Qxg5 h6 36.Qg4 Qf8 37.g3 Rd8 38.Rxd8 Qxd8 39.Kg2 Qe7 40.Qc8+ Kh7 
41.Qa8 Qd7 42.Qxa4 Qd3 43.Qb4 h5 44.Qxb7 Qxe4+ 45.Kh2 Qf3 46.Kg1 Qd1+ 47.
Kg2 Qd5+ 48.Kh2 Qf3 49.Qb6 h4 50.Qe3 hxg3+ 51.Kh3 Qh5+ 52.Kxg3 Qg6+ 53.Kh2
Qc2 54.b4 Kg6 55.Kg2 e4 56.Qc5 Qd3 57.Qxc6+ Kh7 58.Qe6 Qf3+ 59.Kg1 g5 60.
Qd7+ Kg6 61.Qd6+ Kf7 62.Qg3 Qd1+ 63.Kg2 Kf6 64.c4 Kf5 65.Qh3+ Ke5 66.Qh8+ 
Kf4 67.Qf6+ Kg4 68.c5 Qb3 69.c6 Qd5 70.c7 1-0

[Event "20th EUR-ch"]
[Site "Skopje MKD"]
[Date "2019.03.24"]
[Round "6"]
[White "Salgado Lopez, Ivan"]
[Black "Quparadze, Giga"]
[Result "1/2-1/2"]
[WhiteElo "2622"]
[BlackElo "2501"]
[EventDate "2019.03.18"]
[Board "49"]
[PlyCount "43"]

1.d4 Nf6 2.Nf3 e6 3.Bg5 c5 4.c3 cxd4 5.cxd4 Qb6 6.Nc3 d5 7.Bxf6 gxf6 8.Qd2
Nc6 9.e3 Bd7 10.Bd3 Rc8 11.O-O Bb4 12.Rac1 Ne7 13.Rfe1 O-O 14.e4 dxe4 15.
Rxe4 f5 16.Qh6 f6 17.Rg4+ Ng6 18.Rxg6+ hxg6 19.Qxg6+ Kh8 20.Qh6+ Kg8 21.
Qg6+ Kh8 22.Qh6+ 1/2-1/2

[Event "20th EUR-ch"]
[Site "Skopje MKD"]
[Date "2019.03.24"]
[Round "6"]
[White "Radovanovic, Mihajlo"]
[Black "Van Foreest, Jorden"]
[Result "0-1"]
[WhiteElo "2483"]
[BlackElo "2621"]
[EventDate "2019.03.18"]
[Board "50"]
[PlyCount "94"]

1.Nf3 Nf6 2.g3 c5 3.Bg2 d5 4.O-O e6 5.d3 Nc6 6.Nbd2 Be7 7.e4 O-O 8.Re1 b5 
9.e5 Nd7 10.Nf1 Qc7 11.Bf4 Bb7 12.h4 Rfc8 13.h5 h6 14.N1h2 Qd8 15.Ng4 a5 
16.Qd2 Bf8 17.Rad1 Rc7 18.Qc1 a4 19.c4 Nd4 20.cxb5 Nxb5 21.a3 Nd4 22.Nxd4 
cxd4 23.Qd2 Ba6 24.Qe2 Rb7 25.Rd2 Kh8 26.Nh2 Rb3 27.Nf3 Qb6 28.Rc1 Rb8 29.
Rcc2 Nc5 30.Ne1 Be7 31.Bf1 Qa7 32.Rd1 Bd8 33.Qd2 Kh7 34.Qc1 R3b5 35.Nf3 
Nb3 36.Qb1 Be7 37.Kg2 Qb6 38.Qa2 Nc5 39.Nxd4 Rxb2 40.Rxb2 Qxb2 41.Qxb2 
Rxb2 42.Nc6 Bf8 43.Nb4 Bb5 44.Bc1 Rb1 45.Na2 d4 46.Be2 Nb3 47.Bf3 Ra1 0-1

[Event "20th EUR-ch"]
[Site "Skopje MKD"]
[Date "2019.03.24"]
[Round "6"]
[White "Jurcik, Marian"]
[Black "Postny, Evgeny"]
[Result "0-1"]
[WhiteElo "2474"]
[BlackElo "2619"]
[EventDate "2019.03.18"]
[Board "51"]
[PlyCount "98"]

1.e4 e5 2.Nf3 Nc6 3.Bb5 a6 4.Ba4 Nf6 5.O-O Be7 6.Bxc6 dxc6 7.d3 Nd7 8.Nc3 
O-O 9.Kh1 Re8 10.Ng1 Nf8 11.Nge2 Bd6 12.f4 exf4 13.Bxf4 Ng6 14.Bxd6 cxd6 
15.Ng3 Be6 16.Qh5 Qb6 17.b3 Rad8 18.Qe2 d5 19.Qf2 Qc7 20.a4 h6 21.Rae1 
dxe4 22.Ncxe4 Bd5 23.Nc3 Rxe1 24.Rxe1 Be6 25.Nce4 Bc8 26.Rf1 Rd5 27.Nd2 
Be6 28.Nde4 a5 29.Re1 Kh7 30.Rf1 b6 31.Qe3 c5 32.Ne2 Re5 33.Qg3 Qe7 34.
N2c3 Bd7 35.Qf2 f5 36.Nd2 Bc6 37.Nf3 Re6 38.Kg1 Nf4 39.Re1 Bxf3 40.Rxe6 
Nxe6 41.Qxf3 Nd4 42.Qf2 Qe5 43.h3 g6 44.Qd2 g5 45.Kf2 Kg6 46.Nb5 f4 47.Nc3
Nf5 48.Ne2 Ne3 49.c3 Qd5 0-1

[Event "20th EUR-ch"]
[Site "Skopje MKD"]
[Date "2019.03.24"]
[Round "6"]
[White "Smirin, Ilia"]
[Black "Schreiner, Peter"]
[Result "1/2-1/2"]
[WhiteElo "2618"]
[BlackElo "2471"]
[EventDate "2019.03.18"]
[Board "52"]
[PlyCount "53"]

1.e4 c5 2.Nf3 Nc6 3.Bb5 g6 4.c3 Nf6 5.e5 Nd5 6.O-O Bg7 7.d4 cxd4 8.cxd4 
O-O 9.Nc3 Nxc3 10.bxc3 d6 11.exd6 Qxd6 12.a4 Be6 13.Ba3 Qc7 14.Ng5 Bd5 15.
Re1 a6 16.Bf1 h6 17.Ne4 Na5 18.Nc5 Nc4 19.Bc1 e5 20.Nd3 exd4 21.Nf4 Rad8 
22.cxd4 b5 23.axb5 axb5 24.Rb1 Qa5 25.Be3 Be4 26.Ra1 Qc3 27.Rc1 1/2-1/2

[Event "20th EUR-ch"]
[Site "Skopje MKD"]
[Date "2019.03.24"]
[Round "6"]
[White "Grinberg, Eyal"]
[Black "Moussard, Jules"]
[Result "0-1"]
[WhiteElo "2467"]
[BlackElo "2601"]
[EventDate "2019.03.18"]
[Board "54"]
[PlyCount "84"]

1.e4 c5 2.Nf3 d6 3.d4 cxd4 4.Nxd4 Nf6 5.Nc3 a6 6.f4 Qc7 7.Bd3 e5 8.Nf3 Be7
9.a4 O-O 10.O-O Be6 11.Qe2 exf4 12.Kh1 Nc6 13.Bxf4 Nd7 14.Rad1 Nce5 15.
Nxe5 Nxe5 16.Bxe5 dxe5 17.Nd5 Bxd5 18.exd5 g6 19.Rde1 Bd6 20.Rf6 Rae8 21.
Qe4 Kg7 22.Ref1 Qd7 23.g4 Be7 24.Rb6 Bd8 25.Rb3 Bg5 26.d6 Qxd6 27.Rxb7 Bf4
28.a5 Rb8 29.b3 Rxb7 30.Qxb7 Rb8 31.Qf3 Qc5 32.Rd1 Qxa5 33.Bc4 Qc7 34.Qd5 
Rf8 35.Kg2 Qe7 36.Qf3 a5 37.Rd5 h5 38.gxh5 Rh8 39.Qg4 Rxh5 40.Rd7 Rxh2+ 
41.Kf1 Qa3 42.Bxf7 Qc1+ 0-1

[Event "20th EUR-ch"]
[Site "Skopje MKD"]
[Date "2019.03.24"]
[Round "6"]
[White "Repka, Christopher"]
[Black "Solak, Dragan"]
[Result "1-0"]
[WhiteElo "2466"]
[BlackElo "2601"]
[EventDate "2019.03.18"]
[Board "55"]
[PlyCount "107"]

1.d4 d5 2.c4 c6 3.Nf3 Nf6 4.Qb3 dxc4 5.Qxc4 Bg4 6.Nbd2 Nbd7 7.g3 e6 8.Bg2 
Be7 9.O-O O-O 10.b3 Rc8 11.Bb2 b5 12.Qc2 c5 13.Rfc1 Bh5 14.a4 bxa4 15.Rxa4
Nb6 16.Rxa7 cxd4 17.Rc7 Bg6 18.Rxc8 Nxc8 19.Qd1 d3 20.Ne5 dxe2 21.Qxe2 Bb4
22.Ndc4 Ne7 23.h4 h6 24.Rd1 Qb8 25.Nxg6 Nxg6 26.h5 Ne7 27.Bxf6 gxf6 28.
Qg4+ Kh7 29.Qd4 Qb5 30.Qxf6 Qxh5 31.Be4+ Kg8 32.Rd7 Rb8 33.Qf4 Rb5 34.Qf6 
Rb8 35.Rxe7 Bxe7 36.Qxe7 Rxb3 37.Nd6 Rb8 38.Kg2 Rf8 39.Ne8 Rxe8 40.Qxe8+ 
Kg7 41.Qb8 Qc5 42.Qb2+ Kg8 43.Qf6 Qc1 44.Bf3 Qd2 45.Qe5 Qd8 46.Bh5 Qe7 47.
Kh2 Qd8 48.Qf4 Qf8 49.Qf6 Qg7 50.Qxg7+ Kxg7 51.Kh3 f5 52.Kh4 e5 53.f4 Kf6 
54.Be2 1-0

[Event "20th EUR-ch"]
[Site "Skopje MKD"]
[Date "2019.03.24"]
[Round "6"]
[White "Georgiev, Kiril"]
[Black "Costachi, Mihnea"]
[Result "1-0"]
[WhiteElo "2595"]
[BlackElo "2466"]
[EventDate "2019.03.18"]
[Board "56"]
[PlyCount "135"]

1.c4 Nf6 2.Nc3 g6 3.g3 Bg7 4.Bg2 O-O 5.Nf3 d6 6.O-O Nc6 7.d4 Bf5 8.Ne1 Qc8
9.e4 Bh3 10.Nf3 e5 11.d5 Ne7 12.Qe2 Ne8 13.Bd2 h6 14.Rac1 Bxg2 15.Kxg2 f5 
16.exf5 Nxf5 17.Be3 Qd7 18.Nd2 Nf6 19.Nde4 b6 20.Qd3 a5 21.Bd2 Rf7 22.
Nxf6+ Bxf6 23.Ne4 Bg7 24.Bc3 Raf8 25.Rce1 Kh8 26.b3 g5 27.h3 Ne7 28.a3 Qf5
29.Qe2 Kg8 30.Qh5 Qd7 31.a4 Rf3 32.Qg4 Qf5 33.Qxf5 R3xf5 34.b4 axb4 35.
Bxb4 Ra8 36.Ra1 Rff8 37.a5 Ra6 38.axb6 Rxb6 39.Ba5 Rb7 40.Rfb1 Ra7 41.Bd2 
Rxa1 42.Rxa1 c6 43.dxc6 Nxc6 44.Ra6 Nd4 45.Rxd6 Ra8 46.c5 Rc8 47.g4 Bf8 
48.Rb6 Rc7 49.Ba5 Rc8 50.Bb4 Rc7 51.Ba3 Kf7 52.Rf6+ Kg7 53.Rb6 Kf7 54.Bb2 
Nc6 55.Nd6+ Ke7 56.Nc4 Bg7 57.Kf3 Nd8 58.Ke4 Ne6 59.Ba3 Nf4 60.c6+ Ke6 61.
Bd6 Rc8 62.c7 Nd5 63.Rb8 Rxc7 64.Bxc7 Nxc7 65.Rb6+ Ke7 66.Rb7 Kd7 67.Nxe5+
Bxe5 68.Kxe5 1-0

[Event "20th EUR-ch"]
[Site "Skopje MKD"]
[Date "2019.03.24"]
[Round "6"]
[White "Huschenbeth, Niclas"]
[Black "Kozak, Adam"]
[Result "1-0"]
[WhiteElo "2594"]
[BlackElo "2445"]
[EventDate "2019.03.18"]
[Board "57"]
[PlyCount "47"]

1.e4 e5 2.Nf3 Nc6 3.Bc4 Bc5 4.c3 Nf6 5.d3 a6 6.O-O Ba7 7.a4 d6 8.Re1 h6 9.
Nbd2 g5 10.b4 Bd7 11.Nb3 g4 12.Nfd2 h5 13.d4 Ne7 14.Nf1 Ng6 15.Ng3 Be6 16.
Na5 Bxc4 17.Nxc4 Qd7 18.Bg5 Ng8 19.Nf5 f6 20.Be3 N8e7 21.b5 Bb8 22.Nfxd6+ 
cxd6 23.Nb6 Qd8 24.Nxa8 1-0

[Event "20th EUR-ch"]
[Site "Skopje MKD"]
[Date "2019.03.24"]
[Round "6"]
[White "Caspi, Israel"]
[Black "Donchenko, Alexander"]
[Result "1/2-1/2"]
[WhiteElo "2461"]
[BlackElo "2593"]
[EventDate "2019.03.18"]
[Board "58"]
[PlyCount "144"]

1.e4 c5 2.Nf3 d6 3.d4 cxd4 4.Nxd4 Nf6 5.Nc3 a6 6.f3 e5 7.Nb3 Be6 8.Be3 h5 
9.Qd2 Nbd7 10.Nd5 Bxd5 11.exd5 g6 12.Be2 Bg7 13.O-O b6 14.Rac1 O-O 15.h3 
Re8 16.c4 Rc8 17.Na1 h4 18.Nc2 Nh5 19.Nb4 Nb8 20.Bd1 Ng3 21.Re1 Nf5 22.Ba4
b5 23.Bb3 e4 24.fxe4 Rxe4 25.Bf2 Bh6 26.Qd3 Rf4 27.Rc2 Bg7 28.Rce2 Bd4 29.
Bxd4 Rxd4 30.Qc3 bxc4 31.Bc2 Rf4 32.Bxf5 Rxf5 33.Qd4 Qf8 34.Qxh4 a5 35.Nc2
Rxd5 36.Ne3 Rh5 37.Qf4 Nd7 38.Nxc4 Ne5 39.Nxe5 dxe5 40.Rxe5 Rxe5 41.Rxe5 
Qd8 42.Kh2 Kg7 43.Rb5 a4 44.Rb4 a3 45.bxa3 Rc2 46.Rd4 Qf6 47.Qxf6+ Kxf6 
48.a4 Rxa2 49.Rb4 Ra3 50.h4 Kg7 51.g4 Kh6 52.g5+ Kg7 53.Rf4 Kf8 54.Kg2 Ke7
55.Kf2 Ke6 56.Ke2 Ke5 57.Rb4 f5 58.gxf6 Kxf6 59.Kd2 g5 60.hxg5+ Kxg5 61.
Kc2 Kf5 62.Kb2 Rh3 63.Rd4 Ke5 64.Rd8 Ke6 65.Rd1 Rg3 66.Rd4 Ke5 67.Rd8 Ke6 
68.Rd1 Rh3 69.a5 Rh5 70.Ra1 Kd6 71.a6 Rh8 72.a7 Ra8 1/2-1/2

[Event "20th EUR-ch"]
[Site "Skopje MKD"]
[Date "2019.03.24"]
[Round "6"]
[White "Belyakov, Bogdan"]
[Black "Petrov, Nikita"]
[Result "0-1"]
[WhiteElo "2464"]
[BlackElo "2591"]
[EventDate "2019.03.18"]
[Board "59"]
[PlyCount "89"]

1.e4 d6 2.d4 Nf6 3.Nc3 e5 4.Nf3 Nbd7 5.h3 c6 6.Be3 Be7 7.g4 g6 8.Bh6 b5 9.
a3 Bb7 10.Qd2 a5 11.dxe5 dxe5 12.Bd3 Qc7 13.O-O Nc5 14.Ng5 Ncd7 15.a4 Ng8 
16.Nf3 Nxh6 17.Qxh6 b4 18.Nd1 Bf8 19.Qh4 Be7 20.Qh6 Bf8 21.Qh4 h5 22.Bc4 
Be7 23.g5 Nb6 24.Ne3 Bc5 25.Bd3 O-O 26.Nc4 Nd7 27.Qg3 Rae8 28.Nfd2 Ba6 29.
Nb3 Bxc4 30.Bxc4 Be7 31.h4 Kg7 32.Rad1 Nb6 33.Be2 Nxa4 34.Ra1 Nc5 35.Nxa5 
Ne6 36.Nc4 Nf4 37.Bf3 f6 38.Kh1 fxg5 39.hxg5 Ne6 40.Qxe5+ Qxe5 41.Nxe5 Bd6
42.Nc4 Bc5 43.Kg2 Rf4 44.Ra5 Ref8 45.Ne5 0-1

[Event "20th EUR-ch"]
[Site "Skopje MKD"]
[Date "2019.03.24"]
[Round "6"]
[White "Kevlishvili, Robby"]
[Black "Santos Latasa, Jaime"]
[Result "0-1"]
[WhiteElo "2461"]
[BlackElo "2582"]
[EventDate "2019.03.18"]
[Board "60"]
[PlyCount "110"]

1.e4 e5 2.Nf3 Nc6 3.Bb5 a6 4.Ba4 Nf6 5.O-O Nxe4 6.d4 b5 7.Bb3 d5 8.dxe5 
Be6 9.Nbd2 Be7 10.c3 O-O 11.Bc2 f5 12.exf6 Nxf6 13.h3 Qd7 14.Nb3 Bd6 15.
Ng5 Bf5 16.Bxf5 Qxf5 17.Nf3 Rae8 18.Nbd4 Nxd4 19.Nxd4 Qg6 20.a4 b4 21.cxb4
Bxb4 22.Nc6 Bd6 23.b4 Kh8 24.Bb2 Qf5 25.Qd4 Re4 26.Qd3 Nh5 27.Bc1 Qe6 28.
Be3 Bf4 29.Bc5 Bd6 30.Be3 Rc4 31.b5 axb5 32.axb5 Nf4 33.Bxf4 Rcxf4 34.Rac1
Qh6 35.Rc2 Rf3 36.Qd2 Qg6 37.Rc3 R3f5 38.Nd4 R5f6 39.Nc6 Qe4 40.Qd4 Rxf2 
41.Qxf2 Rxf2 42.Kxf2 Qf4+ 43.Ke2 Qa4 44.Rd1 Qxb5+ 45.Rdd3 h6 46.Nd4 Qe8+ 
47.Re3 Qg6 48.g4 Qf6 49.Nf5 Kh7 50.Rb3 Bc5 51.Re8 Qa6+ 52.Rd3 Qa2+ 53.Rd2 
Qc4+ 54.Kf3 Qc3+ 55.Ke2 Qxh3 0-1

[Event "20th EUR-ch"]
[Site "Skopje MKD"]
[Date "2019.03.24"]
[Round "6"]
[White "Paichadze, Luka"]
[Black "Flom, Gabriel"]
[Result "0-1"]
[WhiteElo "2576"]
[BlackElo "2457"]
[EventDate "2019.03.18"]
[Board "61"]
[PlyCount "112"]

1.e4 d6 2.d4 Nf6 3.Nc3 g6 4.Be3 a6 5.Bd3 Bg7 6.Nf3 Bg4 7.h3 Bxf3 8.Qxf3 
Nc6 9.O-O-O e5 10.dxe5 Nxe5 11.Qe2 O-O 12.f4 Nxd3+ 13.Rxd3 Qe7 14.Bd4 c5 
15.Bf2 Rfe8 16.Re1 b5 17.Bh4 Qe6 18.g4 c4 19.Re3 b4 20.Nd5 Nxd5 21.exd5 
Qxe3+ 22.Qxe3 Rxe3 23.Rxe3 c3 24.b3 f5 25.gxf5 gxf5 26.Re6 Bf8 27.a4 bxa3 
28.Kb1 Rb8 29.Re3 Rb4 30.Bg3 Bg7 31.Ka2 Kf7 32.Kxa3 a5 33.Be1 Rxf4 34.Bxc3
Bxc3 35.Rxc3 Rd4 36.Rc7+ Kf6 37.c4 f4 38.Rd7 f3 39.Rxd6+ Kf7 40.Rd7+ Ke8 
41.Rd6 Kf7 42.Rd7+ Kg6 43.Rd6+ Kg5 44.Rd8 f2 45.Rg8+ Kf4 46.Rf8+ Ke3 47.
Rxf2 Kxf2 48.Ka4 Kg3 49.Kxa5 Kxh3 50.Kb6 Kg4 51.c5 Rxd5 52.c6 Rd3 53.b4 h5
54.b5 h4 55.Ka5 Rc3 56.b6 Rc5+ 0-1